Youth Suicide Prevention and Intervention : Best Practices and Policy Implications.

Bibliographic Details
Main Author: Ackerman, John P.
Other Authors: Horowitz, Lisa M.
Format: eBook
Language:English
Published: Cham : Springer International Publishing AG, 2022.
Edition:1st ed.
Series:Advances in Child and Family Policy and Practice Series
Subjects:
Online Access:Click to View
LEADER 01683nam a22003973i 4500
001 EBC7077625
003 MiAaPQ
005 20231204023226.0
006 m o d |
007 cr cnu||||||||
008 231204s2022 xx o ||||0 eng d
020 |a 9783031061271  |q (electronic bk.) 
020 |z 9783031061264 
035 |a (MiAaPQ)EBC7077625 
035 |a (Au-PeEL)EBL7077625 
035 |a (OCoLC)1342785522 
040 |a MiAaPQ  |b eng  |e rda  |e pn  |c MiAaPQ  |d MiAaPQ 
050 4 |a BF712-724.92 
100 1 |a Ackerman, John P. 
245 1 0 |a Youth Suicide Prevention and Intervention :  |b Best Practices and Policy Implications. 
250 |a 1st ed. 
264 1 |a Cham :  |b Springer International Publishing AG,  |c 2022. 
264 4 |c Ã2022. 
300 |a 1 online resource (171 pages) 
336 |a text  |b txt  |2 rdacontent 
337 |a computer  |b c  |2 rdamedia 
338 |a online resource  |b cr  |2 rdacarrier 
490 1 |a Advances in Child and Family Policy and Practice Series 
588 |a Description based on publisher supplied metadata and other sources. 
590 |a Electronic reproduction. Ann Arbor, Michigan : ProQuest Ebook Central, 2023. Available via World Wide Web. Access may be limited to ProQuest Ebook Central affiliated libraries.  
655 4 |a Electronic books. 
700 1 |a Horowitz, Lisa M. 
776 0 8 |i Print version:  |a Ackerman, John P.  |t Youth Suicide Prevention and Intervention  |d Cham : Springer International Publishing AG,c2022  |z 9783031061264 
797 2 |a ProQuest (Firm) 
830 0 |a Advances in Child and Family Policy and Practice Series 
856 4 0 |u https://ebookcentral.proquest.com/lib/matrademy/detail.action?docID=7077625  |z Click to View